Stations in Greenwich, London - Statistics

General Stats
  • This quiz has been taken 45 times
  • The average score is 11 of 16
Answer Stats
Answer % Correct
Greenwich
100%
Cutty Sark
90%
Woolwich
87%
Woolwich Arsenal
87%
Abbey Wood
80%
North Greenwich
77%
Charlton
70%
Deptford Bridge
67%
Maze Hill
67%
Plumstead
63%
Eltham
60%
Mottingham
57%
New Eltham
57%
Woolwich Dockyard
57%
Kidbrooke
53%
Westcombe Park
50%
No matching quizzes found
Score Distribution
Percent of People with Each Score
Percentile by Number Answered
Your Score History
You have not taken this quiz